| 000 | 01603nam a2200361 a 4500 | ||
|---|---|---|---|
| 001 | 000048940 | ||
| 003 | DO-SdBNP | ||
| 005 | 20250205124808.0 | ||
| 007 | ta | ||
| 008 | 110307s2016 dr a 000 0 spa d | ||
| 020 | _a9789945087604 | ||
| 040 |
_aDO-SdBNP _bspa _cBNPHU |
||
| 082 | 4 |
_a972.9305 _bL925d, 2016 _222 |
|
| 100 | 1 |
_aLozano, Wilfredo _d1950- _97126 |
|
| 245 | 1 | 3 |
_aLa dominación imperialista en la República Dominicana, 1900-1930 : _bestudio de la primera ocupación norteamericana de Santo Domingo / _cWilfredo Lozano. |
| 250 | _a2a. ed. | ||
| 260 |
_aSanto Domingo : _bComisión Permanente de Efemérides Patrias, _c2016. |
||
| 300 |
_a465 p. : _bil. ; _c23 cm. |
||
| 490 | 0 |
_aComisión Permanente de Efemérides Patrias; _v46; |
|
| 500 | _aIncluye índice onomástico | ||
| 500 | _aIncluye referencias bibliográficas y notas a pie de las páginas | ||
| 500 | _aIncluye datos biográficos del autor en las solapas | ||
| 500 | _aIncluye índice de cuadros, diagramas, gráficos y mapas | ||
| 504 | _aBibliografía: p. 446-454 | ||
| 590 | _aInventariado, 2023/MFF | ||
| 651 | 0 |
_aRepública Dominicana -- _xHistoria -- _yOcupación norteamericana, 1916-1924 _91926 |
|
| 651 | 4 |
_aRepública Dominicana _xCondiciones económicas _y1916-1924 _953273 |
|
| 651 | 4 |
_aRepública Dominicana _xRelaciones económicas exteriores _zEstados Unidos _944673 |
|
| 651 | 4 |
_aEstados Unidos _xRelaciones económicas exteriores _zRepública Dominicana _944672 |
|
| 830 | 0 |
_aComisión Permanente de Efemérides Patrias _n46 _976378 |
|
| 910 | _aValidado. Control de calidad MFF | ||
| 942 |
_2ddc _cLBS1 |
||
| 999 |
_c48428 _d48428 |
||